Sanat "Pikkuveljen joulupuuro" - Suvi Teräsniska - Statistics

Yleistilastot
  • Tätä visaa on pelattu 7 kertaa
  • Keskiarvotulos 83 / 152
Vastaustilastot
Vastaus % Oikein
ja
100%
Ja
100%
joulu
100%
joulupuuro
100%
lautaselle
100%
Pikkuveljen
100%
pikkuveljen
100%
jää
80%
ehti
60%
ei
60%
enää
60%
ikävää
60%
joka
60%
joulukyyneleen
60%
kai
60%
kehrää
60%
kinaa
60%
kotiin
60%
kumpi
60%
Kun
60%
kun
60%
mantelista
60%
matkan
60%
me
60%
Me
60%
meidän
60%
meillä
60%
myötä
60%
nyt
60%
ole
60%
oli
60%
riita
60%
sama
60%
sateliittikissa
60%
suu
60%
usein
60%
aatto
40%
äidin
40%
äiti
40%
avaamaan
40%
ensin
40%
hymyyn
40%
hyvät
40%
isän
40%
joulukalenterin
40%
kääntyi
40%
kanssa
40%
keksittiin
40%
kepposia
40%
kertaa
40%
kiskomaan
40%
kukaan
40%
lahjat
40%
maistuu
40%
maku
40%
meitä
40%
mielessäni
40%
monta
40%
muistojen
40%
muistot
40%
muu
40%
niin
40%
niistä
40%
partaa
40%
piirtyi
40%
pukin
40%
Se
40%
sekä
40%
siinä
40%
silti
40%
suklaa
40%
sulaa
40%
sun
40%
suuhun
40%
sydämiin
40%
teen
40%
vaikka
40%
vain
40%
viimeinen
40%
ymmärtänyt
40%
hulmuttiin
20%
iloinen
20%
joulutuoksujen
20%
leijailee
20%
nappisilmien
20%
pilke
20%
saatiin
20%
sen
20%
suutuksiin
20%
tänne
20%
vallattomat
20%
Ehtoja vastaavia visoja ei löytynyt
Tulosjakauma
Jokaisen tuloksen saaneiden osuus
Persentiili vastausten määrän mukaan
Tuloshistoriasi
Et ole pelannut tätä visaa